[Event "It (open) \"]
[Site "masterchessopen.com Helsingor (Denmark)"]
[Date "2008.07.22"]
[Round "5"]
[White "Harders Poul Erik"]
[Black "Svane Rasmus (GER)"]
[Result "0-1"]
[WhiteElo "1612"]
[BlackElo "1967"]

1.d4 Nf6 2.c4 e6 3.Nc3 Bb4 4.Qc2 c5 5.dxc5 O-O 6.e3 Bxc5 7.Bd3 b6 8.Ne4 h6
9.Nxf6+ Qxf6 10.Be4 Nc6 11.a3 Bb7 12.Bd2 d5 13.cxd5 exd5 14.Bxd5 Nd4 15.exd4
Bxd5 16.f3 Rfe8+ 17.Kd1 Bxd4 18.Rb1 Rac8 19.Bc3 Bxc3 20.bxc3 Rxc3 21.Qd2 Bc4
{#R} 0-1

[Event "It (open)"]
[Site "masterchessopen.com Latschach (Austria)"]
[Date "2008.08.11"]
[Round "4"]
[White "Verhoef Helge (GER)"]
[Black "Poetz Florian (AUT)"]
[Result "0-1"]
[WhiteElo "2054"]
[BlackElo "2255"]

1.d4 Nf6 2.c4 e6 3.Nc3 Bb4 4.Qc2 c5 5.dxc5 O-O 6.Nf3 Na6 7.Bf4 Nxc5 8.a3 Bxc3+
9.Qxc3 Nce4 10.Qc2 d6 11.e3 e5 12.Bg3 Bf5 13.Qa4 a5 14.Be2 Qb6 15.Qb5 Qxb5
16.cxb5 Rfc8 17.Nh4 Be6 18.Bd3 Nxg3 19.hxg3 e4 {#R} 0-1

[Event "It (cat.1) (b)"]
[Site "masterchessopen.com Budapest (Hungary)"]
[Date "2008.11.10"]
[Round "10"]
[White "Henriksson Jakob (SWE)"]
[Black "Pochinkov Andrey (RUS)"]
[Result "0-1"]
[WhiteElo "2250"]
[BlackElo "2211"]

1.d4 Nf6 2.c4 e6 3.Nc3 Bb4 4.Qc2 c5 5.dxc5 O-O 6.a3 Bxc5 7.Nf3 Nc6 8.Bf4 Re8
9.e3 h6 10.Rd1 b6 11.Ne5 Nxe5 12.Bxe5 Bb7 13.Nb5 Ng4 14.Bd6 a6 15.Nc7 Bxd6
16.Nxe8 Bxh2 17.Nd6 Bc6 18.e4 Be5 19.Be2 Nf6 20.Bf3 Qb8 21.Qd2 Ba4 22.O-O Bxd1
23.Rxd1 Ra7 24.b4 Rc7 25.b5 a5 26.a4 Rc5 27.g3 Kf8 28.Bg2 Ke7 29.f4 Bxd6 30.e5
Bxe5 31.fxe5 Qxe5 32.g4 Rxc4 {#R} 0-1

[Event "It (open)"]
[Site "masterchessopen.com Pavlodar (Kazakhstan)"]
[Round "10"]
[White "Grebenshikov V (KAZ)"]
[Black "Amanbaev Sino (KAZ)"]
[Result "1-0"]
[WhiteElo "2300"]
[BlackElo "2109"]

1.d4 Nf6 2.c4 e6 3.Nc3 Bb4 4.Qc2 c5 5.dxc5 O-O 6.a3 Bxc5 7.Nf3 b6 8.Bg5 Bb7
9.Rd1 h6 10.h4 Be7 11.Bxf6 Bxf6 12.g4 Bxf3 13.exf3 Bxh4 14.Bd3 Nc6 15.f4 f5
16.gxf5 Nd4 17.Qa4 Qc7 18.Be4 Bf6 19.fxe6 dxe6 20.Bxa8 Rxa8 21.Ne2 Nxe2
22.Kxe2 Qxf4 23.Qc6 Qg4+ 24.Ke1 Rf8 25.Rd2 e5 26.Kf1 Rc8 27.Qd5+ Kh7 28.Qd3+
Kh8 29.b3 Rd8 30.Qe2 Qc8 31.Rxd8+ {#r} 1-0

[Event "Memorial P.Dubinin (open)"]
[Site "masterchessopen.com Nizhnij Novgorod (Russia)"]
[Date "2009.01.04"]
[Round "0"]
[White "Obrezchikov Mikhail (RUS)"]
[Black "Ivanov Sergey B (RUS)"]
[Result "0-1"]
[WhiteElo "1968"]
[BlackElo "2270"]

1.d4 Nf6 2.c4 e6 3.Nc3 Bb4 4.Qc2 c5 5.dxc5 O-O 6.Nf3 Na6 7.a3 Bxc3+ 8.Qxc3
Nxc5 9.b4 Nce4 10.Qc2 b6 11.Bb2 Bb7 12.h3 Rc8 13.e3 d5 14.Qb3 dxc4 15.Bxc4 Bd5
16.Bxd5 Qxd5 17.Qxd5 Nxd5 18.Nd4 e5 19.Ne2 f6 20.Rc1 Rxc1+ {#R} 0-1

[Event "Ch Russia (juniors) (under 18)"]
[Site "masterchessopen.com Dagomys (Russia)"]
[Date "2009.04.20"]
[Round "6"]
[White "Goganov Aleksey (RUS)"]
[Black "Matinian Nikita (RUS)"]
[Result "1-0"]
[WhiteElo "2434"]
[BlackElo "2347"]

1.d4 Nf6 2.c4 e6 3.Nc3 Bb4 4.Qc2 c5 5.dxc5 O-O 6.a3 Bxc5 7.Nf3 a5 8.Bg5 h6
9.Bh4 Be7 10.e3 b6 11.Be2 Na6 12.O-O Bb7 13.Rad1 Nc5 14.Nd4 d5 15.Bf3 g5
16.Bg3 Rc8 17.cxd5 Nxd5 18.Nf5 exf5 19.Bxd5 {#r} 1-0

[Event "It (open)"]
[Site "masterchessopen.com Voronezh (Russia)"]
[Date "2009.06.17"]
[Round "6"]
[White "Bocharov Dmitry (RUS)"]
[Black "Ajrapetian Gevorg (RUS)"]
[Result "1-0"]
[WhiteElo "2613"]
[BlackElo "2390"]

1.d4 Nf6 2.c4 e6 3.Nc3 Bb4 4.Qc2 c5 5.dxc5 O-O 6.a3 Bxc5 7.Nf3 b6 8.Bf4 Nh5
9.Bg5 Be7 10.h4 Bb7 11.e4 Nc6 12.O-O-O Rc8 13.Nb5 h6 14.Bxe7 Qxe7 15.Nd6 Rc7
16.Kb1 Nf4 17.g3 Ng6 18.h5 Nge5 19.Nxe5 Nxe5 20.f4 Nc6 21.Rh2 Ba6 22.Qa4 Na5
23.Rhd2 Bc8 24.e5 Nc6 25.Qc2 f6 26.Qe4 fxe5 27.Bd3 g6 28.hxg6 Kg7 29.fxe5 {#r}
1-0

[Event "It (open)"]
[Site "masterchessopen.com Leiden (Netherlands)"]
[Date "2009.07.14"]
[Round "5"]
[White "Erwich Frank AS (NED)"]
[Black "Erwich Frank AS (NED)"]
[Result "0-1"]
[WhiteElo "2319"]
[BlackElo "2319"]

1.d4 Nf6 2.c4 e6 3.Nc3 Bb4 4.Qc2 c5 5.dxc5 O-O 6.a3 Bxc5 7.Bg5 Bxf2+ 8.Kxf2
Ng4+ 9.Kg3 Qxg5 10.Nh3 Qe3+ 11.Kxg4 f5+ {#R} 0-1

[Event "It (open)"]
[Site "masterchessopen.com Biel (Switzerland)"]
[Date "2009.07.23"]
[Round "4"]
[White "Al Sayed Mohamad N (QAT)"]
[Black "Golod Vitali (ISR)"]
[Result "0-1"]
[WhiteElo "2515"]
[BlackElo "2599"]

1.d4 Nf6 2.c4 e6 3.Nc3 Bb4 4.Qc2 c5 5.dxc5 O-O 6.Bg5 Na6 7.a3 Bxc3+ 8.Qxc3
Nxc5 9.f3 Nfe4 10.Bxd8 Nxc3 11.Be7 Nb3 12.Bxf8 Kxf8 13.Rd1 Nxd1 14.Kxd1 b6
15.Kc2 Na5 16.b3 d5 17.cxd5 exd5 18.e4 dxe4 19.b4 Nb7 20.fxe4 Nd6 21.e5 Nf5
22.Nf3 Bb7 23.Bd3 Ne3+ 24.Kd2 Nxg2 25.Rf1 Rd8 {#R} 0-1

[Event "It (open)"]
[Site "masterchessopen.com Dresden (Germany)"]
[Date "2009.07.25"]
[Round "1"]
[White "Mueller Richard (GER)"]
[Black "Jaracz Pawel (POL)"]
[Result "0-1"]
[WhiteElo "1884"]
[BlackElo "2539"]

1.d4 Nf6 2.c4 e6 3.Nc3 Bb4 4.Qc2 c5 5.dxc5 O-O 6.Bg5 Na6 7.a3 Bxc3+ 8.Qxc3
Nxc5 9.f3 a5 10.Rd1 Nfe4 11.Bxd8 Nxc3 12.Be7 Nxd1 13.Kxd1 b6 14.Bxf8 Kxf8
15.e4 Ba6 16.Nh3 a4 17.Kd2 Rc8 18.Nf4 Nb3+ 19.Kc3 Bxc4 20.Bxc4 Na5 21.Kb4
Rxc4+ 22.Kb5 Rc2 23.Kxb6 Nc4+ 24.Kb5 Nxb2 25.Rg1 g5 26.Nh5 Ke7 27.h3 Rc3
28.Rb1 Rb3+ 29.Ka6 Nc4 {#R} 0-1

[Event "It (open)"]
[Site "masterchessopen.com Dresden (Germany)"]
[Date "2009.07.28"]
[Round "4"]
[White "Savchenko Stanislav (UKR)"]
[Black "Shteinberg Vladimir (ISR)"]
[Result "1-0"]
[WhiteElo "2526"]
[BlackElo "2171"]

1.d4 Nf6 2.c4 e6 3.Nc3 Bb4 4.Qc2 c5 5.dxc5 O-O 6.a3 Bxc5 7.Nf3 Nc6 8.Bg5 Nd4
9.Nxd4 Bxd4 10.e3 Qa5 11.exd4 Qxg5 12.Qd2 Qxd2+ 13.Kxd2 b6 14.b4 Bb7 15.f3 d6
16.Bd3 Rfd8 17.a4 a5 18.Rhb1 Bc6 19.bxa5 bxa5 20.Rb6 Rdc8 21.Rab1 g6 22.Ne4
Bxe4 23.fxe4 Ne8 24.Rb7 Kf8 25.R1b6 Rd8 26.Kc3 h5 27.Rb2 Rdc8 28.Rd7 d5
29.Rbb7 dxc4 30.Bxc4 Ra6 31.Kd3 Rac6 32.Rxf7+ Kg8 33.Rbe7 Nd6 {#r} 1-0

[Event "Ch Austria"]
[Site "masterchessopen.com Jenbach (Austria)"]
[Date "2009.07.28"]
[Round "4"]
[White "Neubauer Martin (AUT)"]
[Black "Platzgummer Fabian (AUT)"]
[Result "1-0"]
[WhiteElo "2443"]
[BlackElo "2308"]

1.d4 Nf6 2.c4 e6 3.Nc3 Bb4 4.Qc2 c5 5.dxc5 O-O 6.a3 Bxc5 7.Nf3 b6 8.Bf4 Bb7
9.Rd1 Nc6 10.e3 Be7 11.Be2 Nh5 12.Bg3 f5 13.Nb5 Nxg3 14.hxg3 h6 15.Qd3 Rf7
16.O-O Bf8 17.Rd2 Qf6 18.Nd6 Bxd6 19.Qxd6 Rc8 20.b4 Qc3 21.b5 Na5 22.Ne5 Rff8
23.Rfd1 Nb3 24.Rd3 Qb2 25.Rxb3 Qxb3 26.Qxd7 Rce8 27.Qxb7 Qb2 28.Bh5 Qxe5
29.Bxe8 Rxe8 30.Qxa7 Rc8 31.Rd4 Qc5 32.Qd7 e5 33.Rd5 Qxc4 34.Qe6+ {#r} 1-0

[Event "It (open)"]
[Site "masterchessopen.com Wasselonne (France)"]
[Date "2009.08.07"]
[Round "3"]
[White "Bellahcene Rayane (FRA)"]
[Black "Linder Oliver (GER)"]
[Result "1-0"]
[WhiteElo "1781"]
[BlackElo "2009"]

1.d4 e6 2.c4 Bb4+ 3.Nc3 Nf6 4.Qc2 c5 5.dxc5 O-O 6.a3 Bxc5 7.Nf3 a5 8.Bg5 Nc6
9.e3 Be7 10.Bd3 h6 11.Bh4 d5 12.cxd5 Nxd5 13.Bxe7 Qxe7 14.O-O Nxc3 15.Qxc3 Re8
16.Ne5 Qf6 17.Nxc6 Qxc3 18.bxc3 bxc6 19.Be4 Ra6 20.Rfd1 c5 21.Rab1 Kf8 22.Bb7
Ra7 23.Bc6 {#r} 1-0

[Event "It (open)"]
[Site "masterchessopen.com Barcelona (Spain)"]
[Date "2009.08.30"]
[Round "10"]
[White "Strunski Andreas (GER)"]
[Black "Cruz Cristhian (PER)"]
[Result "0-1"]
[WhiteElo "2413"]
[BlackElo "2525"]

1.d4 Nf6 2.c4 e6 3.Nc3 Bb4 4.Qc2 c5 5.dxc5 O-O 6.a3 Bxc5 7.Nf3 b6 8.Bf4 Bb7
9.e3 Be7 10.Rd1 a6 11.Be2 d6 12.O-O Qc7 13.Ng5 h6 14.Nge4 Nxe4 15.Nxe4 e5
16.Bg3 f5 17.Nc3 f4 18.exf4 exf4 19.Qg6 fxg3 20.fxg3 Qc5+ 21.Kh1 Qg5 22.Qe6+
Kh8 23.c5 Rf6 24.Rxf6 Qxf6 25.Qg4 Qf2 26.Ne4 Qe3 27.Bd3 Nd7 28.Nxd6 Ne5
29.Nf7+ Nxf7 30.Qg6 Ng5 31.c6 Bxc6 32.Qxc6 Rd8 33.Qg6 Ne4 34.h4 Nf2+ {#R} 0-1

[Event "Memorial Kesarovski - Georgiev (open)"]
[Site "masterchessopen.com Sunny Beach (Bulgaria)"]
[Date "2009.09.13"]
[Round "9"]
[White "Nikolov Momchil (BUL)"]
[Black "Dimitrov Radoslav (BUL)"]
[Result "1-0"]
[WhiteElo "2517"]
[BlackElo "2391"]

1.d4 Nf6 2.c4 e6 3.Nc3 Bb4 4.Qc2 c5 5.dxc5 O-O 6.a3 Bxc5 7.Nf3 Nc6 8.Bg5 h6
9.Bh4 b6 10.Rd1 Be7 11.e4 Bb7 12.Be2 Rc8 13.O-O Nh5 14.Bxe7 Qxe7 15.Nb5 d5
16.exd5 exd5 17.Rfe1 a6 18.Nc3 dxc4 19.Bf1 Qc5 20.Rd5 Nd4 21.Rxd4 Bxf3 22.Rxc4
Qg5 23.h4 Qf6 24.Nd5 Bxd5 25.Rxc8 Rxc8 26.Qxc8+ Kh7 27.Qc3 Qg6 28.Qd3 Nf4
29.Qxg6+ Nxg6 30.Bd3 {#r} 1-0

[Event "Ch World (juniors) (under 12)"]
[Site "masterchessopen.com Kemer (Turkey)"]
[Date "2009.11.22"]
[Round "11"]
[White "Avetisian Tigran (UKR)"]
[Black "Kalogeris Ioannis (GRE)"]
[Result "1-0"]
[WhiteElo "2027"]
[BlackElo "1843"]

1.d4 Nf6 2.c4 e6 3.Nc3 Bb4 4.Qc2 c5 5.dxc5 O-O 6.Bg5 Bxc5 7.Nf3 b6 8.e3 Bb7
9.Be2 h6 10.Bh4 Be7 11.O-O d6 12.Rfd1 a6 13.Rd2 Nbd7 14.Rad1 Rc8 15.e4 b5
16.e5 Nd5 17.Bxe7 Nxe7 18.Rxd6 Bc6 19.Nd4 Rc7 20.Nxc6 Rxc6 21.Qd3 b4 22.Na4
{#r} 1-0

[Event "Regionalliga Northeast 2009/10"]
[Site "masterchessopen.com Bayern (Germany)"]
[Date "2009.12.13"]
[Round "4"]
[White "Franz Gerhard (GER)"]
[Black "Gegenfurtner Juergen (GER)"]
[Result "0-1"]
[WhiteElo "2100"]
[BlackElo "2083"]

1.d4 e6 2.c4 Nf6 3.Nc3 Bb4 4.Qc2 c5 5.dxc5 O-O 6.Bf4 Bxc5 7.Nf3 Nh5 8.Bd2 Be7
9.g4 Nf6 10.g5 Ne8 11.O-O-O a6 12.Bf4 b5 13.Rg1 Qa5 14.Kb1 Nc6 15.e3 bxc4
16.Bxc4 Nb4 17.Qe2 d5 18.Bb3 Bb7 19.Ne5 Nd6 20.Ng4 Kh8 21.Rg3 d4 22.exd4 Qf5+
23.Ka1 Qxf4 24.a3 Nc6 25.Rh3 Nxd4 26.Rxh7+ Kxh7 27.Nf6+ Bxf6 {#R} 0-1

[Event "It \"]
[Site "masterchessopen.com Buchen (Germany)"]
[Date "2009.12.27"]
[Round "2"]
[White "Schuhmacher Jakob (GER)"]
[Black "Hera Imre Jr (HUN)"]
[Result "0-1"]
[WhiteElo "1691"]
[BlackElo "2557"]

1.d4 Nf6 2.c4 e6 3.Nc3 Bb4 4.Qc2 c5 5.dxc5 O-O 6.a3 Bxc5 7.Nf3 b6 8.e3 Bb7
9.Be2 Be7 10.O-O d6 11.Rd1 Nbd7 12.b3 a6 13.Bb2 Rc8 14.Rd2 Rc7 15.Rad1 Qa8
16.b4 Bxf3 17.Bxf3 Qc8 18.Be2 Ne5 19.Ne4 Nxc4 20.Nxf6+ Bxf6 21.Bxc4 Rxc4
22.Qb3 Bxb2 23.Qxb2 d5 24.Kf1 Qc7 25.Ke1 Qxh2 26.f3 Qg1+ 27.Ke2 Qxg2+ 28.Kd3
Qxf3 {#R} 0-1

[Event "Ch City (students)"]
[Site "masterchessopen.com Rio de Janeiro (Brazil)"]
[Date "2010.01.17"]
[Round "2"]
[White "Fernandes Silas Carvalho"]
[Black "D'oliveira Agostinho (BRA)"]
[Result "1-0"]
[WhiteElo "2014"]
[BlackElo "2105"]

1.d4 Nf6 2.c4 e6 3.Nc3 Bb4 4.Qc2 c5 5.dxc5 O-O 6.Nf3 Bxc5 7.Bg5 Be7 8.e4 d6
9.Be2 Qa5 10.O-O Nbd7 11.Rfd1 Rd8 12.Nb5 Qb6 13.Be3 Qc6 14.Bd3 Nc5 15.e5 Ng4
16.exd6 Nxe3 17.dxe7 Rxd3 18.Rxd3 {#r} 1-0

[Event "Ch PriFO (open)"]
[Site "masterchessopen.com Naberezhnye Chelny (Russia)"]
[Date "2010.01.20"]
[Round "2"]
[White "Sharafiev Azat (RUS)"]
[Black "Sadykov Aidar (RUS)"]
[Result "1-0"]
[WhiteElo "2445"]
[BlackElo "2237"]

1.d4 Nf6 2.c4 e6 3.Nc3 Bb4 4.Qc2 c5 5.dxc5 O-O 6.Nf3 Na6 7.c6 bxc6 8.Bg5 Nc5
9.Nd2 h6 10.Bh4 d5 11.a3 Bxc3 12.Qxc3 d4 13.Qf3 Bb7 14.b4 Ncd7 15.Ne4 a5 16.b5
Rc8 17.Nd6 Ne5 18.Qg3 Qxd6 19.Bxf6 Nd3+ 20.exd3 Qxg3 21.hxg3 gxf6 22.bxc6 Bxc6
23.Rxh6 f5 24.Rh4 e5 25.Rh5 Bd7 26.Be2 Rb8 27.Rg5+ Kh7 28.O-O-O Kh6 29.f4 {#r}
1-0

[Event "It (open)"]
[Site "masterchessopen.com Chennai (India)"]
[Date "2010.02.01"]
[Round "9"]
[White "Bhagwat Vinod (IND)"]
[Black "Vaibhav Suri (IND)"]
[Result "0-1"]
[WhiteElo "2175"]
[BlackElo "2418"]

1.d4 Nf6 2.c4 e6 3.Nc3 Bb4 4.Qc2 c5 5.dxc5 O-O 6.a3 Bxc5 7.Nf3 Be7 8.e4 d6
9.Bf4 Nh5 10.Bg3 Nd7 11.O-O-O Nxg3 12.hxg3 h6 13.Kb1 a6 14.Nd4 Qc7 15.f4 Nb6
16.g4 e5 17.Nf5 exf4 18.Qf2 Bf6 19.Rc1 Bxf5 20.exf5 Rfe8 21.Qxf4 Bg5 {#R} 0-1

[Event "Memorial V.Ciocaltea (cat.9)"]
[Site "masterchessopen.com Bucharest (Romania)"]
[Date "2010.03.28"]
[Round "6"]
[White "Lapcevic Milos (SRB)"]
[Black "Enchev Ivajlo (BUL)"]
[Result "0-1"]
[WhiteElo "2421"]
[BlackElo "2435"]

1.d4 Nf6 2.c4 e6 3.Nc3 Bb4 4.Qc2 c5 5.dxc5 O-O 6.a3 Bxc5 7.Nf3 b6 8.Bg5 Bb7
9.e4 Be7 10.Rd1 h6 11.Bh4 Nh5 12.Bxe7 Qxe7 13.Be2 Nf4 14.O-O f5 15.e5 g5
16.Qd2 Qg7 17.h3 Nxe2+ 18.Qxe2 g4 19.hxg4 fxg4 20.Nd4 Bf3 21.Qe3 Bxd1 22.Rxd1
Nc6 23.Nxc6 dxc6 24.Rd6 Rae8 25.Ne4 Qxe5 26.Qxh6 Re7 27.Qg6+ Rg7 28.Qxe6+ Qxe6
29.Rxe6 Rd8 30.Rxc6 Rd1+ 31.Kh2 g3+ {#R} 0-1

[Event "Tournament (open) \"]
[Site "masterchessopen.com Novosibirsk (Russia)"]
[Date "2010.06.21"]
[Round "5"]
[White "Petrukhina Irina (RUS)"]
[Black "Ponomarev Ilya (RUS)"]
[Result "1-0"]
[WhiteElo "2150"]
[BlackElo "2003"]

1.d4 Nf6 2.c4 e6 3.Nc3 Bb4 4.Qc2 c5 5.dxc5 O-O 6.a3 Bxc5 7.Nf3 Nc6 8.b4 Be7
9.Bf4 d6 10.Rd1 a5 11.b5 Na7 12.e4 Qc7 13.e5 dxe5 14.Bxe5 Qc5 15.Na4 Qxa3
16.Bb2 Qb4+ 17.Bc3 Qa3 18.c5 Bxc5 19.Ra1 Bxf2+ 20.Kxf2 Qd6 21.Bd3 h6 22.Rhd1
Ng4+ 23.Kg1 Qf4 24.h3 Qe3+ 25.Kf1 Nf6 26.Bd2 {#r} 1-0

[Event "Ch Russia (juniors) (team)"]
[Site "masterchessopen.com Rybinsk (Russia)"]
[Date "2010.08.10"]
[Round "9"]
[White "Nikolaev Evgeny (RUS)"]
[Black "Zhurukhin Alexander (RUS)"]
[Result "1-0"]
[WhiteElo "2276"]
[BlackElo "2173"]

1.d4 Nf6 2.c4 e6 3.Nc3 Bb4 4.Qc2 c5 5.dxc5 O-O 6.a3 Bxc5 7.Nf3 Nc6 8.Bg5 Nd4
9.Nxd4 Bxd4 10.e3 Qa5 11.exd4 Qxg5 12.Qd2 Qxd2+ 13.Kxd2 b6 14.f3 d6 15.Nb5 Rd8
16.Bd3 a6 17.Nc3 Bd7 18.Rhe1 Rab8 19.b4 b5 20.c5 Bc6 21.Kc2 Kf8 22.Ne4 Nxe4
23.Bxe4 Bxe4+ 24.Rxe4 Rbc8 25.a4 dxc5 26.dxc5 a5 27.axb5 axb4 28.c6 Rd5
29.Rxb4 Rb8 30.Rab1 Ke7 31.Rc4 Ra8 32.c7 Kd7 33.b6 {#r} 1-0

[Event "It \"]
[Site "masterchessopen.com Kaunas (Lithuania)"]
[Date "2010.08.28"]
[Round "5"]
[White "Coleman James (ENG)"]
[Black "Butnorius Algimantas (LTU)"]
[Result "0-1"]
[WhiteElo "2124"]
[BlackElo "2439"]

1.d4 Nf6 2.c4 e6 3.Nc3 Bb4 4.Qc2 c5 5.dxc5 O-O 6.Nf3 Na6 7.g3 Nxc5 8.Bg2 Nce4
9.O-O Nxc3 10.bxc3 Be7 11.e4 d6 12.e5 dxe5 13.Nxe5 Qc7 14.Bf4 g5 15.Ng6 gxf4
16.Nxf8 Bxf8 17.Rab1 Rb8 18.Rb5 Bc5 19.Qd2 b6 20.gxf4 Kh8 21.Kh1 Ba6 22.Rb2
Rd8 23.Qe2 Qxf4 24.Qf3 Qxf3 25.Bxf3 Bxc4 26.Rd1 Rxd1+ 27.Bxd1 Ne4 28.Bb3 Bd3
{#R} 0-1

[Event "It \"]
[Site "masterchessopen.com Petrozavodsk (Russia)"]
[Date "2010.10.10"]
[Round "2"]
[White "Savolainen Leo (RUS)"]
[Black "Ivanov Sergey A (RUS)"]
[Result "0-1"]
[WhiteElo "2202"]
[BlackElo "2329"]

1.d4 Nf6 2.c4 e6 3.Nc3 Bb4 4.Qc2 c5 5.dxc5 O-O 6.Nf3 Bxc5 7.e3 Nc6 8.a3 b6
9.Be2 Bb7 10.O-O a6 11.Na4 Bd6 12.c5 bxc5 13.Nxc5 Bc8 14.b4 Qe7 15.Bb2 a5
16.Nd4 Nxd4 17.Bxd4 axb4 18.axb4 Rb8 19.b5 e5 20.Na6 exd4 21.Nxb8 Bxb8 {#R}
0-1

[Event "It (open)"]
[Site "masterchessopen.com Bad Wiessee (Germany)"]
[Date "2010.11.02"]
[Round "5"]
[White "Braun Thomas (GER)"]
[Black "Seyb Alexander (GER)"]
[Result "0-1"]
[WhiteElo "2159"]
[BlackElo "2294"]

1.d4 Nf6 2.c4 e6 3.Nc3 Bb4 4.Qc2 c5 5.dxc5 O-O 6.a3 Bxc5 7.Bf4 b6 8.Nf3 Bb7
9.Rd1 Nh5 10.Bg5 Be7 11.h4 h6 12.Bc1 f5 13.Ne5 Bf6 14.Ng6 Rf7 15.e3 Kh7 16.Rg1
Kxg6 17.g4 Kh7 18.Nb5 Be5 19.Nd4 Qxh4 20.gxf5 Be4 21.Bd3 Bxd3 22.Qxd3 Kh8
23.Nf3 Qf6 24.fxe6 dxe6 25.Qd8+ Kh7 26.Qd3+ Kh8 27.Qe4 Nc6 28.Qxc6 Qxf3
29.Qxf3 Rxf3 30.Rd7 Raf8 31.Rg2 R3f7 {#R} 0-1

[Event "Ch Norway (team) 2010/11"]
[Site "masterchessopen.com Oslo (Norway)"]
[Date "2010.11.05"]
[Round "1"]
[White "Hagen Anders Gjerdum (NOR)"]
[Black "Koskela Niina (FIN)"]
[Result "0-1"]
[WhiteElo "2103"]
[BlackElo "2187"]

1.d4 Nf6 2.c4 e6 3.Nc3 Bb4 4.Qc2 c5 5.dxc5 O-O 6.Nf3 Na6 7.a3 Bxc3+ 8.Qxc3
Nxc5 9.e3 a5 10.b4 Nce4 11.Qb2 Ng4 12.h3 Ngxf2 13.Rh2 axb4 14.g4 bxa3 15.Rxa3
Rxa3 16.Qxa3 f5 17.g5 b6 18.Rxf2 Nxf2 19.Kxf2 Bb7 20.Qd6 Bxf3 21.Kxf3 Qxg5
22.Qxd7 Qh5+ 23.Kf2 Qh4+ 24.Kg1 Qg3+ 25.Kh1 Qe1 26.Qxe6+ Kh8 27.Ba3 Qxf1+
28.Kh2 Qf2+ 29.Kh1 Rd8 30.Bd6 Qe1+ {#R} 0-1

[Event "Czech League 2010/11 (1st) West"]
[Site "masterchessopen.com Czech Republic"]
[Date "2011.01.30"]
[Round "7"]
[White "Matras Ondrej (CZE)"]
[Black "Kulhanek Tomas (CZE)"]
[Result "0-1"]
[WhiteElo "2295"]
[BlackElo "2371"]

1.d4 Nf6 2.c4 e6 3.Nc3 Bb4 4.Qc2 c5 5.dxc5 O-O 6.Nf3 Na6 7.Bf4 Nxc5 8.a3 Bxc3+
9.Qxc3 b6 10.Nd2 d5 11.e3 Ba6 12.Bg5 dxc4 13.Bxf6 gxf6 14.Bxc4 Bxc4 15.Qxc4
Nd3+ 16.Ke2 Nxf2 17.Rhf1 Rc8 18.Qb3 Ng4 19.Rad1 f5 20.Rf4 Qc7 21.h3 Nf6 22.g4
Nd5 23.Rf2 f4 24.exf4 Nxf4+ 25.Kf1 Rfd8 26.Qe3 e5 27.Re1 Qc6 28.Rh2 Qb5+
29.Kg1 Rd3 30.Qxe5 Rg3+ {#R} 0-1

[Event "Ch Romania (juniors) (under 14)"]
[Site "masterchessopen.com Caciulata (Romania)"]
[Date "2011.04.16"]
[Round "8"]
[White "Nastase Robert-Paul"]
[Black "Gheorghiu Calin (ROM)"]
[Result "1-0"]
[WhiteElo "1841"]
[BlackElo "2006"]

1.d4 Nf6 2.c4 e6 3.Nc3 Bb4 4.Qc2 c5 5.dxc5 O-O 6.a3 Bxc5 7.Bf4 b6 8.Nf3 Bb7
9.Rd1 a6 10.e4 Be7 11.Bd3 Nh5 12.Bg3 Nxg3 13.hxg3 d6 14.e5 h6 15.exd6 Bxd6
16.Be4 Ra7 17.a4 f6 18.Bxb7 Rxb7 19.Qg6 Nc6 20.Rxh6 Ne7 21.Qh7+ Kf7 22.Ne4 Rd7
23.Rxf6+ Ke8 24.Qxg7 Bb4+ 25.Nfd2 Bxd2+ 26.Rxd2 {#r} 1-0

[Event "It (open)"]
[Site "masterchessopen.com Calvi (France)"]
[Date "2011.04.26"]
[Round "1"]
[White "Terrieux Kevin (FRA)"]
[Black "Hadamard Olivier (FRA)"]
[Result "1-0"]
[WhiteElo "2395"]
[BlackElo "1819"]

1.d4 Nf6 2.c4 e6 3.Nc3 Bb4 4.Qc2 c5 5.dxc5 O-O 6.a3 Bxc5 7.Bf4 Nc6 8.Nf3 h6
9.e3 a6 10.Rd1 b6 11.Be2 Bb7 12.O-O Rc8 13.Rd2 Be7 14.Rfd1 Nb8 15.e4 Bc6
16.Ne5 Qe8 17.Nxc6 dxc6 18.Bxb8 Rxb8 19.e5 Nh7 20.Ne4 Qc8 21.c5 b5 22.Nd6 Qc7
23.Bd3 f5 24.Qb3 Bg5 25.Qxe6+ Kh8 26.Re2 Qe7 27.Qg6 {#r} 1-0

[Event "Ch Montenegro (w)"]
[Site "masterchessopen.com Podgorica (Montenegro)"]
[Date "2011.05.27"]
[Round "9"]
[White "Bubanja Milica (MNE)"]
[Black "Misovic Sanja (MNE)"]
[Result "0-1"]
[WhiteElo "1759"]
[BlackElo "1855"]

1.d4 Nf6 2.c4 e6 3.Nc3 Bb4 4.Qc2 c5 5.dxc5 O-O 6.a3 Bxc5 7.Nf3 Nc6 8.b4 Be7
9.e4 d6 10.Bd3 b6 11.O-O Bb7 12.Bb2 Rc8 13.Rac1 Nb8 14.e5 dxe5 15.Nxe5 Nc6
16.Nxc6 Bxc6 17.Rfd1 Qc7 18.Ne4 Ng4 19.Ng3 f5 20.Qe2 Bg5 21.Rc2 Rce8 22.h3 Ne3
23.fxe3 Qxg3 24.Re1 f4 25.Qf2 Qxf2+ 26.Rxf2 Bh4 27.Rfe2 Bxe1 28.Rxe1 f3 29.Rd1
fxg2 30.Re1 Rf3 {#R} 0-1

[Event "Ch France (team) 2011"]
[Site "masterchessopen.com Mulhouse (France)"]
[Date "2011.05.29"]
[Round "4"]
[White "Nicoara Malina (FRA)"]
[Black "Muller Anne (FRA)"]
[Result "1-0"]
[WhiteElo "2127"]
[BlackElo "2141"]

1.d4 Nf6 2.c4 e6 3.Nc3 Bb4 4.Qc2 c5 5.dxc5 O-O 6.a3 Bxc5 7.Nf3 Nc6 8.Bg5 Nd4
9.Nxd4 Bxd4 10.e3 Qa5 11.exd4 Qxg5 12.Qd2 Qxd2+ 13.Kxd2 b6 14.f3 Ba6 15.Bd3
Rac8 16.b3 Rfd8 17.Rac1 d5 18.cxd5 Bxd3 19.Kxd3 Nxd5 20.Nxd5 exd5 21.Rhe1 Kf8
22.Rxc8 Rxc8 23.Re5 Rd8 24.f4 Rd6 25.f5 f6 26.Re1 b5 27.Rc1 {#r} 1-0

[Event "Ch USA (juniors)"]
[Site "masterchessopen.com Saint Louis (USA)"]
[Date "2011.06.18"]
[Round "3"]
[White "Holt Conrad (USA)"]
[Black "Shen Victor C (USA)"]
[Result "1-0"]
[WhiteElo "2469"]
[BlackElo "2300"]

1.d4 Nf6 2.c4 e6 3.Nc3 Bb4 4.Qc2 c5 5.dxc5 O-O 6.a3 Bxc5 7.Nf3 b6 8.Bf4 Bb7
9.Rd1 Nh5 10.Bg3 f5 11.e4 Nc6 12.exf5 Rxf5 13.Ne4 Rxf3 14.gxf3 Nd4 15.Qc3 Qf8
16.Bg2 d5 17.cxd5 exd5 18.Rxd4 dxe4 19.fxe4 Bxd4 20.Qxd4 Nf4 21.Bxf4 Qxf4
22.O-O h6 23.Qd7 Rb8 24.Rd1 Kh7 25.h3 Qf6 26.Qc7 Qf8 27.Rd7 Rc8 28.Qxb7 Rc1+
29.Bf1 Qf6 30.e5 Qxe5 31.Qf3 Qg5+ {#r} 1-0